Green economy : India's sustainable development (Record no. 360750)

MARC details
000 -LEADER
fixed length control field 00869nam a22002297a 4500
003 - CONTROL NUMBER IDENTIFIER
control field 0
005 - DATE AND TIME OF LATEST TRANSACTION
control field 20260417180824.0
020 ## - INTERNATIONAL STANDARD BOOK NUMBER
ISBN 9798888333792
082 ## - DEWEY DECIMAL CLASSIFICATION NUMBER
Classification number CS 333.70954 KRI
100 ## - MAIN ENTRY--AUTHOR NAME
Personal name Krishnan, N.R.
245 ## - TITLE STATEMENT
Title Green economy : India's sustainable development
260 ## - PUBLICATION, DISTRIBUTION, ETC. (IMPRINT)
Place of publication Chennai
Name of publisher Notion Press
Year of publication 2022
300 ## - PHYSICAL DESCRIPTION
Number of Pages 326
520 ## - SUMMARY, ETC.
Summary, etc This book traces the global and national process of gradual change in the integration of development and environment and, in a deeper sense the ethics of the relationship between humans and nature. One may say that the basic message of the book is “…Nature protects if protected.”
650 ## - SUBJECT ADDED ENTRY--TOPICAL TERM
Topical Term Economics
9 (RLIN) 18866
650 ## - SUBJECT ADDED ENTRY--TOPICAL TERM
Topical Term Economic development
9 (RLIN) 18867
650 ## - SUBJECT ADDED ENTRY--TOPICAL TERM
Topical Term Environmental economics
9 (RLIN) 18868
942 ## - ADDED ENTRY ELEMENTS (KOHA)
Koha item type Donated Books
Holdings
Lost status Home library Current library Date acquired Cost, normal purchase price Full call number Accession Number Koha item type Public Note
  Gandhi Smriti Library Gandhi Smriti Library 2026-04-17 499.00 CS 333.70954 KRI 173450 Donated Books 499.00
  Gandhi Smriti Library Gandhi Smriti Library 2026-04-17 499.00 CS 333.70954 KRI 173451 Donated Books 499.00

Powered by Koha